Diversity and development in Southeast Asia : The coming decade

Tallennettuna:
Bibliografiset tiedot
Päätekijä: Pauker, Guy J.
Aineistotyyppi: Kirja
Kieli:Undetermined
Julkaistu: New York McGraw-Hill 1977
Aiheet:
Tagit: Lisää tagi
Ei tageja, Lisää ensimmäinen tagi!
Thư viện lưu trữ: Trung tâm Học liệu Trường Đại học Cần Thơ
LEADER 00614nam a2200205Ia 4500
001 CTU_90142
008 210402s9999 xx 000 0 und d
082 |a 330.9 
082 |b P323 
100 |a Pauker, Guy J. 
245 0 |a Diversity and development in Southeast Asia : 
245 4 |b The coming decade 
245 0 |c Guy J. Pauker, Frank H. Golay, Cynthia H. Enloe ; introd. by Catherine Gwin 
260 |a New York 
260 |b McGraw-Hill 
260 |c 1977 
650 |a Regionalism 
650 |z Asia, southeastern 
904 |i Bằng,Hải 
980 |a Trung tâm Học liệu Trường Đại học Cần Thơ